000 02319cam a22004814i 4500
003 PE-LiUPU
005 20250731173101.0
008 150625s2001 ck a r 000 0 spa d
020 _a0789902508
035 _a(Sirsi) i9780789902504
040 _aPE-LiUPU
_bspa
_cPE-LiUPU
_erda
049 _aPRUA
082 0 4 _a220
_bD54
_221
100 1 _aDemaray, Donald E.,
_eautor.
245 1 0 _aIntroducción a la Biblia /
_cDonald E. Demaray.
250 _a3a. edición.
264 1 _a[Bogotá] :
_bUNILIT,
_c2001.
300 _a549 páginas :
_bilustraciones ;
_c21 centímetros
336 _atext
_2rdacontent
337 _aunmediated
_2rdamedia
338 _avolume
_2rdacarrier
505 0 _aPrimeros hechos respecto a la Biblia -- Manuscritos y versiones antiguas -- Traducciones al español hasta el presente -- El antiguo testamento libro por libro -- El Nuevo Testamento libro por libro -- Revelación, la inspiración de la Biblia -- Nuestra Biblia, personas, lugares, objetos -- Personas: mini biografías de grandes personajes bíblicos -- Lugares: Geografía y arqueología -- Lugares y cosas: El tabernáculo, templos y sinagogas -- Guía de estudio.
526 _aSEG42
526 _aSEG41
526 _aSEG40
526 _aSEG39
526 _aP94
526 _aP87
526 _aP86
526 _aP85
526 _aP77
526 _aP76
526 _aP35
541 _g001-000224;
630 _aBiblia
_xIntroducciones.
_92045
942 _2ddc
_cBOOK
949 _a220 D54
_wDEWEY
_c1
_i57355
_d2016-6-12
_e2016-6-9
_lCCODEBUL1
_mBUL
_n2
_r0
_sY
_tBOOK
_u2015-6-25
_xTEOLOGIA
_zUNKNOWN
_0COMPRA
_o.STAFF. Colección General
949 _a220.1 D24
_wDEWEY
_c1
_i48908
_d2016-8-15
_e2016-8-12
_lCCODEBUL1
_mBUL
_n5
_r0
_sY
_tBOOK
_u2015-6-24
_xTEOLOGIA
_PP35
_0COMPRA
_o.STAFF. Colección General
994 _aC0
_bPEPRU
596 _a1
999 _a220.1 D24
_wDEWEY
_c28066
_i48908
_d28066
_e2019-5-23
_f2021-11-9
_g5
_lCCODEBUL1
_mBUL
_n7
_p19.99
_q4
_r0
_sY
_tBOOK
_u2015-6-24
_xTEOLOGIA
_PP35
_0COMPRA
_o.STAFF. Colección Teología
999 _a220 D54
_wDEWEY
_c1
_i57355
_d2019-5-16
_e2016-6-9
_f2021-11-9
_g5
_lCCODEBUL1
_mBUL
_n2
_q1
_r0
_sY
_tBOOK
_u2015-6-25
_xTEOLOGIA
_zUNKNOWN
_0COMPRA
_o.STAFF. Colección Teología
980 _81
_gALBERTO SANCHEZ Responsable de Automatización